Statistics for Pixelated Africa Map

Click here to take the quiz!

General Stats

  • This quiz has been taken 25,875 times
  • The average score is 220 of 246

Answers on the Map

Answers color-coded by a green-red scale on the quiz's map according to % correct below.
Loading ...
 

Answer Stats

Country % Correct
South Africa
98%
Egypt
98%
Morocco
96%
Madagascar
95%
Niger
95%
Algeria
95%
D. R. Congo
95%
Libya
94%
Sudan
94%
Nigeria
92%
Ethiopia
92%
Somalia
92%
Tunisia
92%
Chad
91%
R. Congo
91%
Kenya
89%
Mali
87%
South Sudan
86%
Zimbabwe
85%
Namibia
84%
Angola
84%
Tanzania
84%
Mozambique
83%
Ghana
83%
Zambia
82%
Eritrea
81%
Botswana
81%
Mauritania
80%
Ivory Coast
79%
Central African Rep.
79%
Senegal
79%
Uganda
79%
Cameroon
76%
Liberia
75%
Guinea
73%
Benin
71%
Gabon
70%
Malawi
69%
Burkina Faso
68%

Score Distribution

Percentile by Number Answered

Percent of People with Each Score

Your Score History

You have not taken this quiz